|
|
|
|
| LEADER |
00919nam a22002417a 4500 |
| 001 |
38175 |
| 003 |
BD-DhAAL |
| 008 |
220320r19971987ii ||||| |||| 00| 0 eng d |
| 999 |
|
|
|c 43822
|d 43822
|
| 020 |
|
|
|a 8122200133
|
| 040 |
|
|
|a BD-DhAAL
|
| 082 |
|
|
|a 824
|2 21
|
| 100 |
|
|
|a Singh, Khushwant
|9 47185
|
| 245 |
|
|
|a Khushwant Singh's joke book /
|c Khushwant Singh, illustrated by Mario Miranda
|
| 260 |
|
|
|a New Delhi :
|b Orient Paperbacks,
|c c1987 [22nd printing 1997].
|
| 300 |
|
|
|a 159 pages ;
|c 18 cm.
|
| 541 |
|
|
|a Donated By Akbar Ali Khan
|e 38175
|
| 650 |
|
|
|a Indic wit and humor.
|9 47186
|
| 651 |
|
|
|a India
|x Humor.
|9 47187
|
| 700 |
|
|
|a Miranda, Mario
|9 47188
|
| 852 |
|
|
|a Ayesha Abed Library
|c Akbar Ali Khan Collection
|
| 942 |
|
|
|2 ddc
|c BK
|
| 952 |
|
|
|0 0
|1 0
|2 ddc
|4 0
|6 824_000000000000000_SIN
|7 1
|9 70194
|a BRACUL
|b BRACUL
|c AAKC
|d 2022-03-20
|e Donated by Akbar Ali Khan
|l 1
|m 3
|o 824 SIN
|p 3010038175
|r 2024-08-27
|s 2024-07-04
|t 1
|w 2022-03-20
|y BK
|